00926nac a22002897a 4500001001000000003000900010005001700019008003400036040005400070072000800124100002400132100002100156100002300177100001700200100002300217110007200240245009300312260004200405300000900447490008600456500001100542650002100553650001600574650001600590650001300606650001700619BR9703193BR-BrBNA20240105121930.0230509b bl.|||m| |||| 00| 0 por d aBR-BrBNAbporcBiblioteca Nacional de Agricultura aF621 aBeltrao, N.G. de M.1 aNobrega, L.B. da1 aAzevedo, D.M.P. de1 aVieira, D.J.1 aSilva, O.R.R.F. da1 aCentro Nacional de Pesquisa do Algodao, Campina Grande, PB (Brasil)1 aInfluencia da posicao frutifera na produtividade e no crescimento do algodoeiro herbaceo3 aCampina Grande, PB (Brasil): c1997.  a4 p. aPesquisa em Andamento - Centro Nacional de Pesquisa do Algodao (Brazil)vno. 40x a9 ref. aAlgodao Herbaceo aCrescimento aRamificacao aFloracao aFrutificacao